[Event "Open"]
[Site "Kaikoura NZL"]
[Date "2008.11.11"]
[Round "8"]
[White "Johansen,D"]
[Black "Smith,Ro"]
[Result "1-0"]
[WhiteElo "2446"]
[BlackElo "2316"]

1.c4 e5 2.g3 Nf6 3.Bg2 Nc6 4.a3 a5 5.Nc3 Be7 6.Nf3 d5 7.cxd5 Nxd5 8.O-O Be6
9.d4 exd4 10.Nxd4 Nxd4 11.Qxd4 Nxc3 12.bxc3 Qxd4 13.cxd4 O-O-O 14.e3 a4 15.Bd2 Bb3
16.Rfc1 Kb8 17.Ba5 b6 18.Bb4 Bd6 19.Bxd6 Rxd6 20.Bc6 h5 21.Rc3 h4 22.g4 Rhh6
23.Rac1 Rhe6 24.h3 Re7 25.Kf1 g5 26.Bb5 Rd5 27.Bc6 Rd6 28.Kg1 f6 29.Bb5 Rd5
30.Bc4 Bxc4 31.Rxc4 f5 32.gxf5 Rxf5 33.Rxa4 Rg7 34.Rac4 g4 35.hxg4 Rxg4+
36.Kf1 Rg7 37.Ke2 Rg2 38.Rxc7 Rfxf2+ 39.Kd3 Ra2 40.Ke4 h3 41.Rh7 h2 42.Rf1 Rg8
43.Rf6 Rxa3 44.Rxb6+ Ka8 45.Re6 Ra2 46.d5 Kb8 47.Ke5 Kc8 48.e4 Kd8 49.Rd6+ Kc8
50.Rdh6 Re2 51.Rxh2 Re8+ 52.Kd6 R2xe4 53.Ra2 Kb8 54.Rb2+ Ka8 55.Kd7 Rg8 56.Re7 Rd4
57.d6 Rg6 58.Re8+ Ka7 59.Re6 Rg7+ 60.Re7 Rg8 61.Ke6+  1-0

[Event "XXXII Tenkes Cup"]
[Site "Harkany HUN"]
[Date "2008.11.16"]
[Round "3"]
[White "Czebe,A"]
[Black "Savchenko,S"]
[Result "1/2-1/2"]
[WhiteElo "2468"]
[BlackElo "2565"]

1.c4 e5 2.g3 Nc6 3.Bg2 Bc5 4.a3 a6 5.e3 d6 6.Ne2 Nge7 7.d4 exd4 8.exd4 Ba7
9.Nbc3 O-O 10.O-O Nf5 11.d5 Ne5 12.b3 Re8 13.h3 Bd7 14.Kh2 b5 15.cxb5 axb5
16.Ne4 b4 17.a4 Bc8 18.Nf4 Nd7 19.Nh5 Bd4 20.Ra2 Nc5 21.Re1 Nxe4 22.Rxe4 Rxe4
23.Bxe4 Be5 24.f4 Bc3 25.g4 Nh4 26.Bb2 f5 27.Bxc3 bxc3 28.gxf5 Bxf5 29.Bxf5 Nxf5
30.Qd3 g6 31.Rg2 Nh4 32.Rg4 Qe7 33.Qxc3 Qe2+ 34.Kh1 Qd1+ 35.Kh2 Qe2+ 36.Kh1 Qd1+  1/2-1/2

[Event "9th Open"]
[Site "Liberec CZE"]
[Date "2008.11.17"]
[Round "3"]
[White "Benes,Pe1"]
[Black "Plischki,S"]
[Result "0-1"]
[WhiteElo "2156"]
[BlackElo "2409"]

1.c4 e5 2.g3 Nf6 3.Bg2 c6 4.d4 exd4 5.Qxd4 d5 6.Nf3 Be6 7.Ng5 Qb6 8.Nxe6 fxe6
9.Qd3 Bc5 10.O-O O-O 11.e3 Nbd7 12.Qc2 Ne5 13.cxd5 exd5 14.Nc3 Bd6 15.Na4 Qc7
16.Nc5 Qe7 17.Nb3 Rae8 18.Nd4 Bb8 19.b3 Rf7 20.a4 Qd7 21.Ba3 Bd6 22.Bxd6 Qxd6
23.Bh3 Ne4 24.f3 Nc5 25.Bg2 Ne6 26.Rae1 Nxd4 27.exd4 Nxf3+ 28.Bxf3 Rxe1 29.Rxe1 Rxf3
30.Qe2 Rf8 31.Qe7 Qh6 32.Kg2 Qd2+ 33.Re2 Qxd4 34.Qe6+ Kh8 35.Qf7 Qf6 36.Qxf6 gxf6
37.Re7 Rb8 38.Kf3 a5 39.Kf4 Kg8 40.Kf5 Rd8 41.Kxf6 d4 42.Re2 c5 43.Rd2 Re8
44.g4 Re3 45.h4 Rf3+ 46.Ke6 Rxb3 47.h5 Kg7 48.g5 Re3+ 49.Kf5 Re7 50.Rd1 Rd7
51.Ke6 Rd8 52.Rb1 d3 53.Rxb7+ Kg8 54.Ke7 d2 55.Kxd8 d1=Q+ 56.Ke7 Qxh5  0-1

[Event "9th Open"]
[Site "Liberec CZE"]
[Date "2008.11.20"]
[Round "7"]
[White "Golcman,E"]
[Black "Plischki,S"]
[Result "1/2-1/2"]
[WhiteElo "2252"]
[BlackElo "2409"]

1.c4 e5 2.g3 Nf6 3.Bg2 c6 4.Nf3 e4 5.Nd4 d5 6.cxd5 Qxd5 7.Nc2 Qh5 8.h3 Qg6
9.Nc3 Na6 10.b3 Bd6 11.Ba3 Bxa3 12.Nxa3 O-O 13.Qb1 Bf5 14.Qb2 Rad8 15.Nc4 Rfe8
16.Ne3 Bc8 17.O-O Nc7 18.b4 Ne6 19.Rfd1 Nd4 20.Kh2 Nf5 21.Qc2 Nd4 22.Qb2 Nf5
23.Qc2  1/2-1/2

[Event "15th It"]
[Site "Tuzla BIH"]
[Date "2008.11.23"]
[Round "3"]
[White "Goric,E"]
[Black "Nurkic,S"]
[Result "1/2-1/2"]
[WhiteElo "2385"]
[BlackElo "2408"]

1.g3 e5 2.c4 Nf6 3.Bg2 Nc6 4.Nc3 g6 5.e3 Bg7 6.Nge2 O-O 7.O-O d6 8.d4 Re8
9.d5 Na5 10.b3 c5 11.dxc6 bxc6 12.Ba3 Bf8 13.Bb4 e4 14.Qd2 Nb7  1/2-1/2

[Event "21st Belgrade Trophy"]
[Site "Obrenovac SRB"]
[Date "2008.11.27"]
[Round "1"]
[White "Maksimovic,Mir"]
[Black "Samardzija,Z"]
[Result "1-0"]
[WhiteElo "2245"]
[BlackElo "1891"]

1.c4 e5 2.g3 Nf6 3.Bg2 c6 4.d4 Bb4+ 5.Nc3 Qa5 6.dxe5 Bxc3+ 7.bxc3 Qxc3+ 8.Bd2 Qxe5
9.Nf3 Qe6 10.Rc1 O-O 11.Bb4 Rd8 12.Nd4 Qe8 13.Bd6 Kh8 14.Bc7 d5 15.Bxd8 Qxd8
16.cxd5 Nxd5 17.O-O Nf6 18.Nb5 Nbd7 19.Nd6 Qe7 20.Qd4 Nb6 21.a4 Nbd5 22.Nxc8 Rxc8
23.Bxd5 Rd8 24.Qxa7 cxd5 25.Rb1 Rd7 26.Qb8+ Ne8 27.Rfc1 Kg8 28.Rc8 Kf8 29.e3 f6
30.a5 Kf7 31.Rbc1 d4 32.exd4 Rxd4 33.R8c3 Kg6 34.Re3 Re4 35.Rce1 f5 36.Rxe4 fxe4
37.Qf4 Nf6 38.g4 Qd7 39.Qf5+ Qxf5 40.gxf5+ Kxf5 41.Rb1 Kf4 42.Rxb7 g5 43.Rf7 Ke5
44.Rxf6 Kxf6 45.a6  1-0

[Event "21st Belgrade Trophy"]
[Site "Obrenovac SRB"]
[Date "2008.11.28"]
[Round "2"]
[White "Radosavljevic,SD"]
[Black "Miladinovic,L"]
[Result "1-0"]
[WhiteElo "2267"]
[BlackElo "1886"]

1.c4 e5 2.g3 Nf6 3.Bg2 Nc6 4.Nf3 Be7 5.O-O O-O 6.Nc3 d6 7.d4 exd4 8.Nxd4 Nxd4
9.Qxd4 Nd7 10.Nd5 Bf6 11.Qd2 Nb6 12.Qc2 Rb8 13.a4 Be6 14.a5 Nd7 15.Be3 a6
16.Rfd1 Re8 17.Ra3 Be7 18.b4 Bf8 19.Ba7 Ra8 20.Bd4 c6 21.Nf4 Qc7 22.h3 Ne5
23.Nxe6 Rxe6 24.e4 c5 25.bxc5 dxc5 26.Bxe5 Rxe5 27.f4 Ree8 28.e5 Rab8 29.Qa4 Red8
30.Rd5 b5 31.axb6 Rxb6 32.Rad3 Rdb8 33.Kh2 Qc6 34.Qxc6 Rxc6 35.Rd8 Rcb6 36.h4 g6
37.Rxb8 Rxb8 38.Rd7 Re8 39.Ra7 Re7 40.Rxa6 Rc7 41.g4 Kg7 42.Kg3 Re7 43.Bd5 Kh6
44.g5+ Kg7 45.h5 Rc7 46.hxg6 Kg8 47.e6 Rc8 48.exf7+ Kh8 49.Ra8 Rxa8 50.Bxa8 Bd6
51.Kf3 Bf8 52.Ke4 Be7 53.Kd5 Bd6 54.Ke6 Bf8 55.Kd7 Bd6 56.f5 Bf8  1-0

[Event "Open"]
[Site "Figueira da Foz POR"]
[Date "2008.12.01"]
[Round "2"]
[White "Neves,P"]
[Black "Chemeris,R"]
[Result "0-1"]
[WhiteElo "2011"]
[BlackElo "2265"]

1.c4 e5 2.g3 c6 3.d4 exd4 4.Qxd4 d5 5.Bg2 dxc4 6.Qxc4 Be6 7.Qc2 Nf6 8.Nh3 Na6
9.a3 Be7 10.Nf4 Bd7 11.O-O O-O 12.Nd2 Nc7 13.Nc4 Ne6 14.Rd1 Nxf4 15.Bxf4 Qc8
16.Nd6 Bxd6 17.Bxd6 Re8 18.e4 Bg4 19.Rd4 Nd7 20.f4 Nf8 21.Rd2 Bh3 22.Bh1 Rd8
23.Qc3 Bg4 24.Rf1 f6 25.Qe3 Qe6 26.f5 Qc4 27.Qf4 Bh5 28.g4 Bf7 29.h4 h6 30.g5 hxg5
31.hxg5 fxg5 32.Qh2 Nh7 33.Bg2 Nf6 34.e5 Ne4 35.Bxe4 Qxe4 36.Qg2 Bd5 37.Qxe4 Bxe4
38.Rd4 Bc2 39.Rg4 Rxd6 40.exd6 Rd8 41.Rxg5 Rxd6  0-1

[Event "Open"]
[Site "Figueira da Foz POR"]
[Date "2008.12.02"]
[Round "4"]
[White "Neves,P"]
[Black "Santos,AntonioP"]
[Result "1-0"]
[WhiteElo "2011"]
[BlackElo "2279"]

1.c4 e5 2.g3 g6 3.Bg2 Bg7 4.Nc3 Nc6 5.e3 d6 6.Nge2 Be6 7.b3 Nge7 8.O-O O-O
9.Bb2 d5 10.d3 f5 11.Ba3 Re8 12.e4 fxe4 13.cxd5 Nxd5 14.Nxd5 Qxd5 15.dxe4 Qa5
16.Qc1 Rad8 17.Bb2 Rd3 18.Bc3 Qc5 19.Bd2 Qd6 20.Be3 Rd8 21.Bc5 Qd7 22.Nc3 b6
23.Be3 Nb4 24.a3 Na6 25.Qc2 Rd6 26.Nd5 c6 27.Nc3 Nc7 28.Rfc1 h6 29.Bf1 Qf7
30.Rab1 Kh7 31.Na4 c5 32.b4 c4 33.b5 Rd4 34.Bxd4 exd4 35.Bxc4 Rd7 36.Bxe6 Nxe6
37.Qd3 h5 38.f4 Bf8 39.Rc6 Nd8 40.Rc4 Ne6 41.f5 Nc5 42.Nxc5 Bxc5 43.Rf1 Qf6
44.Rc2 Qe5 45.fxg6+ Kxg6 46.Rcf2 Re7 47.Rf4 Re6 48.Kh1 Be7 49.g4 h4 50.g5 Bxg5
51.Rg4 Kh6 52.Rf5  1-0

[Event "Snowdrops vs Old-hands"]
[Site "Marianske Lazne CZE"]
[Date "2008.12.05"]
[Round "7"]
[White "Olafsson,F"]
[Black "Jackova,J"]
[Result "1/2-1/2"]
[WhiteElo "2440"]
[BlackElo "2360"]

1.c4 e5 2.g3 Nf6 3.Bg2 d5 4.cxd5 Nxd5 5.Nc3 Nb6 6.d3 Be7 7.Nf3 Nc6 8.O-O O-O
9.Be3 Be6 10.Na4 e4 11.Ne1 exd3 12.Nxd3 Bd5 13.Bh3 Nb4 14.Nc3 Nxd3 15.Qxd3 Bc6
16.Bd4 Bf6 17.Rad1 Bxd4 18.Qxd4 Qe7 19.e4 Rad8 20.Qe3 Rfe8 21.Bg2 h6 22.Rxd8 Rxd8
23.Rd1 Rxd1+ 24.Nxd1 Qd6 25.Nc3 Nc4 26.Qc1 Qd4 27.b3 Nd2 28.h3 Qd3 29.Nd5 Nxe4
30.Ne7+ Kh7 31.Nxc6 bxc6 32.Qxc6 f5 33.Qxc7 Qb1+ 34.Kh2 Qxa2 35.Bxe4  1/2-1/2

[Event "TCh-SLO"]
[Site "Murska Sobota SLO"]
[Date "2008.12.09"]
[Round "4"]
[White "Mikac,M"]
[Black "Sebenik,M"]
[Result "0-1"]
[WhiteElo "2398"]
[BlackElo "2485"]

1.g3 e5 2.c4 d6 3.Bg2 f5 4.Nc3 Nf6 5.d3 Be7 6.e4 c6 7.Nge2 O-O 8.O-O a5 9.h3 Na6
10.Be3 Qe8 11.exf5 Bxf5 12.Ne4 Nc5 13.N2c3 Qg6 14.Bxc5 dxc5 15.Qb3 Rab8 16.Nxf6+ gxf6
17.Be4 Bxe4 18.dxe4 Rfd8 19.Rad1 Rd4 20.Qb6 Kf7 21.Qc7 Rbd8 22.Qxb7 Qh5 23.Rde1 Qxh3
24.Re3 Qe6 25.Kg2 Rxc4 26.Rh1 Kg7 27.Qa6 Rd2 28.Nd5 Rxe4 29.Rxe4 Qxd5 30.Qc4 Rxb2
31.a3 Rd2 32.Qxd5 cxd5 33.Rg4+ Kf7 34.Rxh7+ Ke6 35.Rg8 Rb2 36.Ra8 Rb6 37.Rxa5 Bd6
38.Ra8 d4 39.a4 d3 40.Rh1 c4 41.a5 Rb2 42.Rc8 Kd5 43.Ra1 Rb8 44.Rxb8 Bxb8
45.Rb1 Ba7 46.Rb7 Bd4 47.Kf1 c3 48.Ke1 Bxf2+ 49.Kxf2 c2  0-1

[Event "TCh-SLO"]
[Site "Murska Sobota SLO"]
[Date "2008.12.14"]
[Round "9"]
[White "Mohr,G"]
[Black "Navinsek,T"]
[Result "1-0"]
[WhiteElo "2495"]
[BlackElo "2304"]

1.c4 e5 2.g3 f5 3.Bg2 Nf6 4.Nc3 Be7 5.d3 d6 6.f4 Nbd7 7.Nf3 exf4 8.gxf4 Nh5
9.O-O O-O 10.Kh1 Rf6 11.Nd5 Rh6 12.Qe1 Bf8 13.Nd4 Ndf6 14.e4 g6 15.e5 Ne8
16.Nf3 c6 17.Nc3 Be6 18.b3 Nc7 19.Ng5 Ng7 20.d4 d5 21.Nxe6 Ngxe6 22.cxd5 cxd5
23.Be3 Ba3 24.Qe2 Qd7 25.Rad1 Rd8 26.Nb1 Be7 27.Rc1 Rh4 28.Nc3 Kh8 29.Qf3 Bf8
30.Rc2 Bh6 31.Ne2 Bf8 32.Qg3 Be7 33.h3 Rh5 34.Qf3 Rh4 35.Qf2 Rh5 36.Ng1 Rf8
37.Qe2 Rh4 38.Qd2 Rh5 39.Kh2 b6 40.Ne2 Rd8 41.Qc3 Kg7 42.Qc6 Qxc6 43.Rxc6 Ba3
44.Rb1 Bb4 45.Bf3 Rh6 46.Ng1 Kf7 47.Be2 Rd7 48.Nf3 Be7 49.Rbc1 Ne8 50.Rxe6  1-0

[Event "Masters"]
[Site "Berkeley USA"]
[Date "2008.12.17"]
[Round "4"]
[White "Evans,Be"]
[Black "Friedel,J"]
[Result "0-1"]
[WhiteElo "2258"]
[BlackElo "2498"]

1.c4 e5 2.g3 Nf6 3.Bg2 c6 4.d4 exd4 5.Qxd4 d5 6.Nf3 Be6 7.cxd5 cxd5 8.O-O Nc6
9.Qa4 Bc5 10.Nc3 O-O 11.Qb5 Bb6 12.Na4 Nd4 13.Nxd4 Bxd4 14.Rd1 a6 15.Qb4 Ba7
16.Bf4 b5 17.Nc5 Ng4 18.h3 Qe7 19.Rac1 Rac8 20.hxg4 Bxc5 21.Qe1 d4 22.a3 Bxg4
23.b4 Bb6 24.Bf1 g5 25.Rxc8 Rxc8 26.Bc1 Qe5 27.Rd3 Bf5 28.Rd2 d3 29.e3 Qa1
30.Rd1 Bg4  0-1

[Event "Christmas Master Open"]
[Site "Zurich SUI"]
[Date "2008.12.26"]
[Round "1"]
[White "Lang,F"]
[Black "Kelecevic,N"]
[Result "1/2-1/2"]
[WhiteElo "2090"]
[BlackElo "2366"]

1.c4 e5 2.g3 Nf6 3.Bg2 d5 4.cxd5 Nxd5 5.Nf3 Nc6 6.O-O Be7 7.d4 exd4 8.Nxd4 Nxd4
9.Qxd4 Nf6 10.Qa4+ c6 11.Nc3 O-O 12.e4 Be6 13.h3 Nd7 14.Be3 Nc5 15.Qc2 Qd3
16.Rac1 Rfd8 17.Nd5 cxd5 18.Bxc5 Qxc2 19.Rxc2 Bxc5 20.exd5 Bxd5 21.Rxc5 Bxa2
22.Bxb7 Rab8 23.Rc7 Be6 24.Bg2 a6 25.Rc2 g6 26.Re1 Bb3 27.Rc3 Rd2 28.Ra1 Be6
29.b3 Rb6 30.Bf1 Rdd6 31.Kh2 Rd2 32.Kg1 a5 33.h4 Bxb3 34.Rxa5 Rd1 35.Rac5 Be6
36.Rc1 Rb1 37.Rxb1 Rxb1 38.Kg2  1/2-1/2

[Event "5th Open"]
[Site "Vandoeuvre les Nancy FRA"]
[Date "2008.12.27"]
[Round "4"]
[White "Rambourg,Ju"]
[Black "Amigues,E"]
[Result "0-1"]
[WhiteElo "1824"]
[BlackElo "2355"]

1.c4 e5 2.g3 Nc6 3.Bg2 f5 4.Nc3 Nf6 5.a3 g6 6.e3 Bg7 7.Nge2 O-O 8.d4 e4 9.O-O h6
10.b4 d6 11.Bb2 Qe8 12.Nf4 Qf7 13.Qb3 Ne7 14.Rfd1 g5 15.Nfe2 Qh5 16.Rac1 f4
17.exf4 Bh3 18.Qc2 Bxg2 19.Kxg2 Qf3+ 20.Kg1 Nf5 21.Rf1 Rae8 22.Nd1 Qh5 23.Kg2 gxf4
24.Nxf4 Nh4+ 25.gxh4 Qf3+ 26.Kg1 Qxf4 27.Ne3 Ng4 28.Nxg4 Qxg4+ 29.Kh1 Qf3+
30.Kg1 Rf4 31.h3 Qxh3 32.f3 exf3 33.Qh2 Rg4+ 34.Kh1 Qxh2+ 35.Kxh2 Rg2+  0-1

[Event "Christmas Master Open"]
[Site "Zurich SUI"]
[Date "2008.12.27"]
[Round "2"]
[White "Georgiev,Vl"]
[Black "Rosenthal,Jon"]
[Result "1-0"]
[WhiteElo "2517"]
[BlackElo "2208"]

1.c4 e5 2.g3 Nf6 3.Bg2 c6 4.d4 e4 5.d5 Bb4+ 6.Bd2 Bc5 7.e3 O-O 8.b4 Be7 9.Nc3 Re8
10.Rb1 cxd5 11.cxd5 d6 12.Nge2 Bf5 13.h3 Nbd7 14.g4 Bg6 15.Nf4 Ne5 16.Nxg6 Nxg6
17.Nxe4 Nxd5 18.Ng3 Nb6 19.Bxb7 Bh4 20.Nf5 Rb8 21.Bc6 Re6 22.O-O d5 23.b5 Ne5
24.Bc3 h5 25.Bxe5 Rxe5 26.f4 Rxf5 27.gxf5 Qe7 28.Rb3 Rd8 29.Qxh5 Rd6 30.Qf3 Nc4
31.Rd3 d4 32.e4 Ne3 33.e5 Rh6 34.Rxe3 dxe3 35.Qxe3 Qb4 36.Rd1 Qb2 37.e6 fxe6
38.Bd7 Kh7 39.Bxe6 Qxb5 40.Qf3 Qb6+ 41.Kh1 Qb8 42.Bf7  1-0

[Event "Hilton Schachfestival"]
[Site "Basel SUI"]
[Date "2009.01.03"]
[Round "4"]
[White "Aumann,W"]
[Black "Guliyev,N"]
[Result "0-1"]
[WhiteElo "2324"]
[BlackElo "2535"]

1.c4 e5 2.g3 Nf6 3.Bg2 d5 4.cxd5 Nxd5 5.Nf3 Nc6 6.O-O Be7 7.d4 e4 8.Ne5 f5
9.Nxc6 bxc6 10.f3 exf3 11.Bxf3 O-O 12.Nc3 Kh8 13.Nxd5 cxd5 14.Bf4 c6 15.Rc1 Bd7
16.Qd2 Bf6 17.h4 Qb6 18.Rc5 Be7 19.Rc2 a5 20.Rfc1 a4 21.Kg2 a3 22.b3 Bb4
23.Qd3 Rae8 24.e3 Re6 25.h5 Qd8 26.Qa6 Qe7 27.Qb7 Bd6 28.Qa7 g5 29.hxg6 Rxg6
30.Kf2 Rfg8 31.Rg1 Bxf4 32.exf4 Qg7 33.Ke3 c5 34.Rxc5 Re8+  0-1

[Event "Paul Keres Mem Prelim"]
[Site "Tallinn EST"]
[Date "2009.01.09"]
[Round "4"]
[White "Seeman,T"]
[Black "Sharankov,G"]
[Result "0-1"]
[WhiteElo "2401"]
[BlackElo "2192"]

1.g3 e5 2.c4 Nf6 3.Bg2 Nc6 4.Nc3 Bb4 5.Nd5 O-O 6.Nxb4 Nxb4 7.d3 c6 8.a3 Na6
9.Nf3 Re8 10.O-O Nc7 11.b4 d6 12.Bb2 h6 13.Qc2 Bf5 14.e4 Bg4 15.Nh4 Qd7 16.f4 Bh3
17.Bxh3 Qxh3 18.Nf5 Ng4 19.Nxd6 Re6 20.fxe5 Rf8 21.d4 Ne3 22.Qf2 Nxf1 23.Rxf1 Re7
24.d5 Qg4 25.Nf5 Ree8 26.Qd4 Kh7 27.Rf4 Qe2 28.Rf2 Qg4 29.Kg2 Rd8 30.Nd6 f6
31.Nf5 Ne6 32.Qe3 Ng5 33.exf6 gxf6 34.Rf4 Qh3+ 35.Kg1 Qh5 36.g4 Qh3 37.d6  0-1

[Event "Open A"]
[Site "Prague CZE"]
[Date "2009.01.10"]
[Round "2"]
[White "Steiner,B"]
[Black "Vokac,M"]
[Result "0-1"]
[WhiteElo "2218"]
[BlackElo "2454"]

1.c4 e5 2.g3 Nc6 3.Bg2 g6 4.Nc3 Bg7 5.e4 d6 6.Nge2 Nge7 7.d3 O-O 8.O-O a6
9.Rb1 Rb8 10.Nd5 b5 11.Be3 Nd4 12.Bg5 f6 13.Be3 c5 14.Qd2 bxc4 15.dxc4 Nxd5
16.cxd5 Nxe2+ 17.Qxe2 f5 18.Rfc1 a5 19.Bd2 Bd7 20.Qe1 a4 21.Bf1 fxe4 22.Bg2 Bf5
23.Bxe4 Bxe4 24.Qxe4 Qf6 25.Rf1 Qf3 26.Qxf3 Rxf3 27.Be3 Rf7 28.Rfc1 Rb4 29.a3 Rb3
30.Rc4 Ra7 31.Kf1 e4 32.Bc1 Bd4 33.Ke2 Kf7 34.Kd1 Kf6 35.Kc2 Rf3 36.Be3 Bxe3
37.fxe3 Rxe3 38.Rf1+ Ke5 39.Kd2 Rd3+ 40.Kc2 Kxd5 41.Rxe4 Kxe4  0-1

[Event "Queenstown Classic"]
[Site "Queenstown NZL"]
[Date "2009.01.20"]
[Round "6"]
[White "Stuart,P"]
[Black "Krivec,J"]
[Result "1/2-1/2"]
[WhiteElo "2076"]
[BlackElo "2343"]

1.c4 e5 2.g3 Nf6 3.Bg2 d5 4.cxd5 Nxd5 5.Nf3 Nc6 6.O-O Nb6 7.d3 Be7 8.Nbd2 Be6
9.a3 a5 10.b3 O-O 11.Bb2 f6 12.Qc2 Bd5 13.e3 Nd7 14.d4 exd4 15.Nxd4 Nde5
16.Nxc6 Nxc6 17.Rfd1 Bxg2 18.Kxg2 Qd5+ 19.Nf3 Qh5 20.Qc4+ Kh8 21.Rd5 Qf7
22.Rad1 Bd6 23.Qc2 Ne7 24.R5d2 Ra6 25.Rd3 Nc6 26.Nd2 Ne5 27.Bxe5 fxe5 28.Nc4 Qf3+
29.Kg1 Rc6 30.Qb2 e4 31.R3d2 Be7 32.Ne5 Bf6 33.Nxf3 Bxb2 34.Nd4 Bxd4 35.Rxd4 Rcf6
36.Rxe4 Rxf2 37.Re7 Rb2 38.Rdd7 Rg8 39.Rxc7 Rxb3 40.Rxb7 Rxa3 41.Ra7 Ra2
42.Re5 Rb8 43.Rf5 Rb1+ 44.Rf1 Rxf1+ 45.Kxf1 Kg8 46.h4 a4 47.e4 a3 48.e5 Ra1+
49.Kg2 a2 50.e6 Kf8 51.e7+ Ke8 52.Kh2 Re1 53.Rxa2  1/2-1/2

[Event "ch-PriFO"]
[Site "Kazan RUS"]
[Date "2009.01.22"]
[Round "2"]
[White "Volodin,I"]
[Black "Glukhov,A2"]
[Result "1/2-1/2"]
[WhiteElo "2172"]
[BlackElo "2002"]

1.c4 e5 2.g3 f5 3.Bg2 Nf6 4.Nc3 g6 5.d3 Bg7 6.e3 O-O 7.Nge2 c6 8.O-O d6 9.b4 Be6
10.b5 d5 11.bxc6 bxc6 12.d4 Ne4 13.cxd5 cxd5 14.Nxe4 dxe4 15.Bb2 Nc6 16.Qa4 Rc8
17.Rfd1 Qa5 18.Qxa5 Nxa5 19.dxe5 Nc4 20.Bd4 Nxe5 21.Nf4 Bc4 22.a4 Nd3 23.Bxg7 Kxg7
24.Bf1 Nxf4 25.gxf4 Bxf1 26.Kxf1 Rf7 27.Rd4 Rb7  1/2-1/2

[Event "Queenstown Classic"]
[Site "Queenstown NZL"]
[Date "2009.01.22"]
[Round "8"]
[White "Van der Elburg,F"]
[Black "Schon,E"]
[Result "1-0"]
[WhiteElo "2277"]
[BlackElo "2115"]

1.c4 e5 2.g3 Nf6 3.Bg2 h6 4.Nc3 Bb4 5.e3 Bxc3 6.bxc3 O-O 7.d3 c6 8.Ne2 d5
9.cxd5 cxd5 10.O-O Nc6 11.Qc2 Re8 12.Rb1 Qa5 13.Bd2 Qa6 14.Nc1 Bf5 15.Re1 Rac8
16.Bf1 b6 17.f3 Qb7 18.e4 Be6 19.Qb2 Red8 20.Nb3 Qe7 21.a4 dxe4 22.fxe4 Ng4
23.h3 Bxb3 24.Qxb3 Qc5+ 25.d4 Rxd4 26.cxd4 Nxd4 27.Be3 Qc2 28.Qxc2 Nf3+ 29.Kh1 Rxc2
30.Re2 Nxe3 31.Rxc2 Nxc2 32.Rc1 Nfd4 33.Bd3 Nb4 34.Rc8+ Kh7 35.Bc4 f5 36.Re8 fxe4
37.Rxe5 Nd3 38.Rd5 Ne6 39.Rxd3 exd3 40.Bxe6 Kg6 41.Kg2 d2 42.Bb3 Kf5 43.Kf3 a6
44.Ke2 Ke4 45.Bc2+ Kd4 46.Kxd2 b5 47.axb5 axb5 48.Ke2 g5 49.Bg6 b4 50.Kf3 b3
51.Kg4 Ke3 52.Kh5 Kf3 53.g4 Kg3 54.Kxh6 Kh4 55.Bf5 b2 56.Kg6 Kxh3 57.Kxg5 Kg3
58.Bb1  1-0

[Event "Queenstown Classic"]
[Site "Queenstown NZL"]
[Date "2009.01.24"]
[Round "10"]
[White "Van der Elburg,F"]
[Black "Guo,E"]
[Result "1-0"]
[WhiteElo "2277"]
[BlackElo "1778"]

1.c4 e5 2.g3 f5 3.Bg2 d6 4.Nc3 Nf6 5.d3 c6 6.e4 Be7 7.Nge2 O-O 8.O-O Qe8
9.f3 Qg6 10.Be3 Be6 11.b3 h5 12.exf5 Bxf5 13.d4 Na6 14.Qd2 Rad8 15.h3 c5
16.d5 Nb4 17.g4 Bd3 18.Rad1 hxg4 19.hxg4 Bxe2 20.Nxe2 Rf7 21.Rc1 Nd3 22.Rc3 e4
23.Rxd3 exd3 24.Nf4 Qh7 25.g5 g6 26.gxf6 Rxf6 27.Ne6 Re8 28.Qxd3 Rf5 29.f4 Rh5
30.Rf3 Bh4 31.Bd2 Re7 32.Bc3 Qh6 33.Qe4 Rh7 34.Ng5 Bxg5 35.Qe8+  1-0

[Event "TCh-HUN 2008-9"]
[Site "Budapest HUN"]
[Date "2009.01.25"]
[Round "6"]
[White "Zambo,Z"]
[Black "Medvegy,N"]
[Result "1/2-1/2"]
[WhiteElo "2301"]
[BlackElo "2355"]

1.c4 e5 2.g3 c6 3.Bg2 d5 4.cxd5 cxd5 5.d4 e4 6.Nc3 Nc6 7.f3 exf3 8.Nxf3 Nf6
9.O-O Be7 10.Ne5 O-O 11.Be3 Be6 12.Kh1 Rc8 13.Bg1 Bd6 14.Nd3  1/2-1/2

[Event "14th HIT Open"]
[Site "Nova Gorica SLO"]
[Date "2009.02.02"]
[Round "4"]
[White "Rukavina,J"]
[Black "Laco,G"]
[Result "1-0"]
[WhiteElo "2417"]
[BlackElo "2138"]

1.c4 e5 2.g3 f5 3.d4 e4 4.Nh3 Nf6 5.Nc3 c6 6.Qb3 Qb6 7.c5 Qxb3 8.axb3 Na6
9.e3 Nc7 10.b4 d5 11.b5 Bd7 12.bxc6 bxc6 13.Bd2 Be7 14.Be2 O-O 15.O-O Rfb8
16.Rfb1 Rb7 17.b4 Rab8 18.Ra4 h6 19.Nf4 Kf7 20.Bf1 g5 21.Nfe2 h5 22.Nc1 g4
23.N3e2 Nh7 24.Nb3 Ng5 25.Bg2 Nb5 26.Nc3 Rc7 27.Rba1 Ra8 28.Nxb5 cxb5 29.Ra6 h4
30.Bc3 Nf3+ 31.Bxf3 gxf3 32.Nd2 Bc6 33.Nf1 Kg6 34.Kh1 Kh5 35.h3 Bd7 36.gxh4 f4
37.exf4 Bxh3 38.Ng3+ Kxh4 39.Rh6+ Kg4 40.Kh2 Bg2 41.Rg6+ Kh4 42.Raa6 Rh8
43.Nf5+ Kh5 44.Kg3  1-0

[Event "14th HIT Open"]
[Site "Nova Gorica SLO"]
[Date "2009.02.02"]
[Round "4"]
[White "Simutowe,A"]
[Black "Kokol,P"]
[Result "1-0"]
[WhiteElo "2485"]
[BlackElo "2332"]

1.c4 e5 2.g3 Nc6 3.Bg2 g6 4.Nc3 Bg7 5.Rb1 a5 6.a3 d6 7.d3 f5 8.e3 Nf6 9.Nge2 O-O
10.b4 axb4 11.axb4 g5 12.O-O Ne7 13.f4 gxf4 14.exf4 c6 15.b5 Be6 16.bxc6 bxc6
17.h3 e4 18.Nd4 Bf7 19.dxe4 Bxc4 20.Rf2 Qa5 21.Bb2 Rab8 22.Ra1 Qb6 23.exf5 Nfd5
24.Na4 Qb7 25.Ne6 Bb3 26.Qg4 Nxf5 27.Nxf8 Rxf8 28.Bxg7 Qxg7 29.Qxg7+ Kxg7
30.Ra3 Bc4 31.Nb2 Bb5 32.Bxd5 cxd5 33.Rd2 Rc8 34.Rxd5 Rc1+ 35.Nd1 Bd7 36.Rc3 Ra1
37.g4 Be6 38.Rd2 Ne7 39.f5 Bf7 40.Rc7  1-0

[Event "ITT IEP"]
[Site "Curitiba BRA"]
[Date "2009.02.04"]
[Round "3"]
[White "Giardelli,S"]
[Black "Jabbar,T"]
[Result "1-0"]
[WhiteElo "2378"]
[BlackElo "2211"]

1.c4 e5 2.g3 Nc6 3.Bg2 f5 4.Nc3 Nf6 5.e3 d5 6.cxd5 Nb4 7.d3 Nbxd5 8.Nge2 c6
9.O-O Bd6 10.e4 Nxc3 11.bxc3 fxe4 12.dxe4 Be6 13.h3 O-O 14.Be3 Qe7 15.Nc1 Bc5
16.Qe2 Bxe3 17.Qxe3 Rfd8 18.Nb3 Bc4 19.Rfd1 b6 20.Nd2 Bf7 21.a4 Nd7 22.a5 b5
23.f4 Nc5 24.Nf3 exf4 25.gxf4 Nb3 26.Rxd8+ Qxd8 27.Re1 Nxa5 28.Nd4 Qb6 29.e5 Bd5
30.e6 Re8 31.Bxd5 cxd5 32.Qe5 b4 33.Kh1 Qb7 34.e7 bxc3 35.Nf5 d4+ 36.Kg1 Rxe7
37.Nxe7+  1-0

[Event "TCh-FIN"]
[Site "Finland FIN"]
[Date "2009.02.14"]
[Round "6"]
[White "Hentunen,A"]
[Black "Prieur,E"]
[Result "1-0"]
[WhiteElo "2322"]
[BlackElo "2158"]

1.c4 e5 2.g3 Nc6 3.Bg2 f5 4.Nc3 Nf6 5.e3 f4 6.exf4 exf4 7.d4 fxg3 8.hxg3 Be7
9.Nf3 d6 10.d5 Ne5 11.Nxe5 dxe5 12.Qe2 O-O 13.Qxe5 Bc5 14.Be3 Bxe3 15.fxe3 Ng4
16.Qd4 Qg5 17.Nd1 Bd7 18.Kd2 Rae8 19.Be4 h6 20.Rc1 Re7 21.d6 cxd6 22.Qd5+ Qxd5+
23.Bxd5+ Be6 24.Bxe6+ Rxe6 25.Rg1 b6 26.Ke2 Ref6 27.Rc2 Rf3 28.Rd2 Nf2 29.Rf1 Ne4
30.Rxf3 Rxf3 31.Rd4 Ng5 32.Rg4 Rf6 33.Nc3 Kf8 34.Nb5 a5 35.Nc7 Rf7 36.Nd5 Rb7
37.Nc3 Ke8 38.Nd5 Ne6 39.Re4 Kd7 40.Rg4 Kc6 41.Rg6 Nf8 42.Rg4 b5 43.Nc3 b4
44.Nb5 Rf7 45.Rd4 Rf6 46.Rd5 Nd7 47.Nd4+ Kb6 48.Rb5+ Kc7 49.Rxa5 Rg6 50.Ra7+ Kc8
51.Nf5 Ne5 52.Ne7+ Kb8 53.Nxg6 Kxa7 54.Nxe5 dxe5 55.Kf3 Kb6 56.Ke4 Kc5 57.b3 Kd6
58.Kf5  1-0

[Event "TCh-FIN"]
[Site "Finland FIN"]
[Date "2009.02.15"]
[Round "7"]
[White "Jouhki,Y"]
[Black "Lehtivaara,P"]
[Result "0-1"]
[WhiteElo "2304"]
[BlackElo "2394"]

1.g3 e5 2.c4 Nf6 3.Bg2 d5 4.cxd5 Nxd5 5.Nc3 Nb6 6.Nf3 Nc6 7.O-O Be7 8.d3 O-O
9.Be3 Be6 10.Rc1 Qd7 11.Re1 f6 12.Na4 Rfd8 13.a3 Nd5 14.Bc5 Bd6 15.Bxd6 cxd6
16.e4 Nde7 17.d4 Bg4 18.Qb3+ Kh8 19.dxe5 dxe5 20.Nc5 Qc8 21.Bf1 b6 22.Na6 Rd6
23.Nb4 Qd7 24.Bb5 Bxf3 25.Nxc6 Nxc6 26.Rxc6 Rxc6 27.Qxf3 Qd2 28.Bxc6 Qxe1+
29.Kg2 Rd8 30.Bd5 Qc1 31.b4 Qc7 32.h4 Qe7 33.Qg4 g6 34.h5 Kg7 35.Be6 Kf8
36.Qh3 gxh5 37.Bd5 Qe8 38.a4 Kg7 39.a5 Rd6 40.Qh1 bxa5 41.bxa5 Qd8 42.Qxh5 Rxd5
43.Qg4+ Kf8 44.exd5 Qxd5+ 45.Kh2 Qxa5 46.Qd7 Qb6 47.Kg2 a5 48.Qxh7 Qc6+ 49.f3 a4
50.g4 Qc4 51.Qh8+ Ke7 52.g5 Qc2+ 53.Kf1 Qc1+ 54.Ke2 Qxg5 55.Qa8 Qg2+ 56.Ke3 Qg1+
57.Ke2 Qd4 58.Qb7+ Qd7 59.Qb4+ Kf7 60.Qc4+ Kg7 61.Qb4 Qa7 62.Qg4+ Kf8 63.Qc8+ Ke7
64.Qg8 Qa6+ 65.Ke3 Qb6+ 66.Ke2 Qb2+ 67.Kf1 a3 68.Qg7+ Ke6 69.Qg8+ Kd6 70.Qd8+ Kc5
71.Qc7+ Kd4 72.Qa7+ Kd3 73.Qh7+ Kc3 74.Qc7+ Kd2 75.Qa5+ Qc3 76.Qa4 Qxf3+  0-1

[Event "TCh-FIN"]
[Site "Finland FIN"]
[Date "2009.02.15"]
[Round "7"]
[White "Kauko,J"]
[Black "Hintikka,E"]
[Result "1-0"]
[WhiteElo "2274"]
[BlackElo "2151"]

1.c4 e5 2.g3 Nf6 3.Bg2 d6 4.Nc3 c6 5.Nf3 Be7 6.O-O O-O 7.c5 Na6 8.cxd6 Bxd6
9.d3 h6 10.a3 Nc7 11.Nd2 Ncd5 12.Nc4 Bc7 13.Bd2 a5 14.Ne4 b5 15.Nxf6+ Qxf6
16.Ne3 Bb7 17.Nxd5 cxd5 18.Qb3 Qc6 19.Rac1 Qd7 20.Rc5 Bd6 21.Qxb5 Qg4 22.Rc2 Rfb8
23.Bxd5 Ra7 24.Be3 Bc8 25.Qe8+  1-0